Federica e Federico /

Kaydedildi:
Detaylı Bibliyografya
Yazar: Biemmi, Irene (Yazar)
Diğer Yazarlar: Baroncelli, Silvia (İllüstratör)
Materyal Türü: Kitap
Dil:İtalyanca
Baskı/Yayın Bilgisi: Firenze ; Milano : Giunti Kids, 2014
Seri Bilgileri:Bollicine
Etiketler: Etiketle
Etiket eklenmemiş, İlk siz ekleyin!

MARC

LEADER 00000nam a22000007i 4500
001 IT\ICCU\MOD\1635318
003 ItRI
005 20260115232046.0
008 140728s2014 it |||||| |||||1|||||c
020 |a 9788809795846 
040 |b ita  |c importazione bologna sebina 
041 7 |a ita  |2 ISO-639-2 
082 |a 853.92  |9 NARRATIVA ITALIANA, 2000-  |2 21 
100 1 |a Biemmi, Irene  |0 IT\ICCU\IEIV\076406  |4 aut 
240 1 0 |a Federica e Federico  |3 IT\ICCU\TSA\1746262  |9 Biemmi, Irene 
245 1 0 |a Federica e Federico /  |c Irene Biemmi, Silvia Baroncelli. 
260 |a Firenze ;  |a Milano :  |b Giunti Kids,  |c 2014 
300 |a 31 p. :  |b ill. ;  |c 19 cm 
500 |a Copertina sagomata 
500 |a Testo in stampatello maiuscolo. 
700 1 |a Baroncelli, Silvia  |0 IT\ICCU\CAGV\407036  |4 ill 
830 0 |a Bollicine  |0 IT\ICCU\UBO\2707193 
942 |2 ddc  |c BK  |n 0 
952 |0 0  |1 0  |4 0  |6 R_853_920000000000000_BIE  |7 0  |9 19321  |a BO  |b BO  |d 2026-01-15  |i 19002  |l 0  |o R 853.92 BIE  |p BO19002  |r 2026-01-15 23:20:46  |w 2026-01-15  |x [Sebina 5] [1 v.]  |y BK  |z 1 v. 
999 |c 16450  |d 16450